000 00626cam a22002293a 4500
001 13913
003 PGUSA
005 20140828083310.0
008 041101s2004||||xxu|||||s|||||000 1 eng d
040 _aPGUSA
_beng
042 _adc
050 4 _aPS
100 1 _aNicholson, Meredith,
_d1866-1947
245 1 4 _aThe Port of Missing Men
_h[electronic resource] /
_cMeredith Nicholson
260 _bProject Gutenberg,
_c2004
506 _aPublic domain in the USA.
516 _aElectronic text
653 _aFiction
830 0 _aProject Gutenberg
_v13913
856 4 0 _uhttp://www.gutenberg.org/ebooks/13913
942 _cEB
999 _c243168
_d243168